00414nam a2200157Ia 450000500170000000800410001702000220005804100120008008200180009210000260011024500610013625000080019726000180020550000080022365000250023120240823051930.0240823s9999||||xx |||||||||||||| ||und|| a978-81-203-2670-5 aENGLISH A624.176205 Q3 aBharat Bhushan Prasad 0aFundamentals of Soil Dynamics and Earthquake Engineering a1st c2013b#VALUE! aYES aSoil DynamicsbCivil